| 000 | 00856nam a2200277 4500 | ||
|---|---|---|---|
| 003 | OSt | ||
| 005 | 20260601193851.0 | ||
| 008 | 260504b2001 ko a|||| |||| 00| 0 kor d | ||
| 040 |
_aICI _bspa _cICI |
||
| 050 |
_aNK1520 _bE97 2001 |
||
| 245 | 1 | _aExploring emerging design paradigm | |
| 264 |
_aSeul, Korea : _bUCSID, _c2001 |
||
| 300 |
_a308 páginas _bilustraciones ; _c24 cm |
||
| 336 |
_atexto _2rdacontent |
||
| 337 |
_asin medio _2rdamedia |
||
| 338 |
_avolumen _2rdacarrier |
||
| 500 | _aObra sobre nuevas tendencias y paradigmas emergentes en el diseño. | ||
| 500 | _aOctober 5-7, 2001 | ||
| 650 |
_aDiseño _xTeoría |
||
| 650 |
_aDiseño _xInnovaciones _932286 |
||
| 650 |
_aDiseño _xMetodología |
||
| 650 | _aCreatividad | ||
| 650 |
_aInvestigación en diseño _932289 |
||
| 655 |
_2local _aEstudios teóricos _932290 |
||
| 942 |
_2lcc _cB _n1 |
||
| 999 |
_c21848 _d21848 |
||